000
00223nam a22000977a 4500
999
_c
16183
_d
16183
003
OSt
008
200617b ||||| |||| 00| 0 eng d
100
_a
Hilaire Belloc
_9
4602
245
_a
Songs of the South Country
942
_c
BK